000 00890nam a22002057a 4500
999 _c36247
_d36247
003 OSt
005 20251217171202.0
008 150407b slv spa
040 _cBMC
082 _a741.6
100 1 _aOrtiz Quijada, Oscar Gustavo
_949861
245 1 0 _aPasantía en Libreria Karlita, Santa Ana
_b: informe final
_cOscar Gustavo Ortiz Quijada
260 _aSanta Ana (El Salvador)
_bUniversidad Católica de El Salvador
_c2025
300 _a1 folleto (22 h.)
_bil. col
_c28 cm
_e+ 1 disco compacto
500 _aPrecede al tít.: Universidad Católica de El Salvador, Facultad de Ciencias y Humanidades
502 _aTrabajo de graduación para optar al grado académico de Licenciatura en Diseño Gráfico Publicitario
650 2 0 _aDiseño gráfico
_98943
710 2 _91075
_aUniversidad Católica de El Salvador
_bFacultad de Ciencias y Humanidades
942 _2ddc
_cTG